Home Print Resources E-Books E-Journals IIMT Lecture Series Library Membership Form Book Recommendation Form Campus Tour Take AdmissionAbout Us Contact Us

ORGANIZATIONAL BEHAVIOUR (Record no. 67110)

000 -LEADER
fixed length control field 00306nam a22001337a 4500
008 - FIXED-LENGTH DATA ELEMENTS--GENERAL INFORMATION
fixed length control field 260309b |||||||| |||| 00| 0 eng d
040 ## - CATALOGING SOURCE
Original cataloging agency IIMT University College of Law
100 ## - MAIN ENTRY--PERSONAL NAME
Personal name PRASAD, L. M
245 ## - TITLE STATEMENT
Title ORGANIZATIONAL BEHAVIOUR
260 ## - PUBLICATION, DISTRIBUTION, ETC. (IMPRINT)
Place of publication, distribution, etc SULTAN CHAND
300 ## - PHYSICAL DESCRIPTION
Pages 549
650 ## - Subject
Subject ORGANIZATIONAL BEHAVIOUR
942 ## - ADDED ENTRY ELEMENTS (KOHA)
Koha item type Book Bank
952 ## - LOCATION AND ITEM INFORMATION (KOHA)
-- 2026-03-12
-- 2026-03-09
952 ## - LOCATION AND ITEM INFORMATION (KOHA)
-- 2026-03-09
952 ## - LOCATION AND ITEM INFORMATION (KOHA)
-- 2026-03-09
952 ## - LOCATION AND ITEM INFORMATION (KOHA)
-- 2026-03-09
952 ## - LOCATION AND ITEM INFORMATION (KOHA)
-- 2026-03-09
952 ## - LOCATION AND ITEM INFORMATION (KOHA)
-- 2026-03-09
952 ## - LOCATION AND ITEM INFORMATION (KOHA)
-- 2026-03-09
952 ## - LOCATION AND ITEM INFORMATION (KOHA)
-- 2026-03-09
952 ## - LOCATION AND ITEM INFORMATION (KOHA)
-- 2026-03-09
952 ## - LOCATION AND ITEM INFORMATION (KOHA)
-- 2026-03-09
952 ## - LOCATION AND ITEM INFORMATION (KOHA)
-- 2026-03-09
952 ## - LOCATION AND ITEM INFORMATION (KOHA)
-- 2026-03-09
952 ## - LOCATION AND ITEM INFORMATION (KOHA)
-- 2026-03-09
952 ## - LOCATION AND ITEM INFORMATION (KOHA)
-- 2026-03-09
952 ## - LOCATION AND ITEM INFORMATION (KOHA)
-- 2026-03-09
952 ## - LOCATION AND ITEM INFORMATION (KOHA)
-- 2026-03-09
952 ## - LOCATION AND ITEM INFORMATION (KOHA)
-- 2026-03-09
952 ## - LOCATION AND ITEM INFORMATION (KOHA)
-- 2026-03-09
952 ## - LOCATION AND ITEM INFORMATION (KOHA)
-- 2026-03-09
952 ## - LOCATION AND ITEM INFORMATION (KOHA)
-- 2026-03-09
952 ## - LOCATION AND ITEM INFORMATION (KOHA)
-- 2026-07-31
-- 2026-03-18
-- 2026-03-09
952 ## - LOCATION AND ITEM INFORMATION (KOHA)
-- 2026-04-17
-- 2026-03-09
952 ## - LOCATION AND ITEM INFORMATION (KOHA)
-- 2026-03-09
952 ## - LOCATION AND ITEM INFORMATION (KOHA)
-- 2026-03-09
952 ## - LOCATION AND ITEM INFORMATION (KOHA)
-- 2026-03-09
952 ## - LOCATION AND ITEM INFORMATION (KOHA)
-- 2026-03-09
952 ## - LOCATION AND ITEM INFORMATION (KOHA)
-- 2026-03-09
952 ## - LOCATION AND ITEM INFORMATION (KOHA)
-- 2026-03-09
952 ## - LOCATION AND ITEM INFORMATION (KOHA)
-- 2026-03-09
952 ## - LOCATION AND ITEM INFORMATION (KOHA)
-- 2026-03-09
952 ## - LOCATION AND ITEM INFORMATION (KOHA)
-- 2026-03-09
952 ## - LOCATION AND ITEM INFORMATION (KOHA)
-- 2026-03-09
952 ## - LOCATION AND ITEM INFORMATION (KOHA)
-- 2026-03-09
952 ## - LOCATION AND ITEM INFORMATION (KOHA)
-- 2026-03-09
952 ## - LOCATION AND ITEM INFORMATION (KOHA)
-- 2026-03-09
Holdings
Withdrawn status Lost status Source of classification or shelving scheme Damaged status Not for loan Location (home branch) Sublocation or collection (holding branch) Date acquired Source of Acquisition Koha issues (times borrowed) Accession No. Koha date last seen Koha item type
          IIMT University College of Law IIMT University College of Law 03/09/2026 R LALL BOOK 1 04-B-13401 03/12/2026 Book Bank
          IIMT University College of Law IIMT University College of Law 03/09/2026 R LALL BOOK   04-B-13402 03/09/2026 Book Bank
          IIMT University College of Law IIMT University College of Law 03/09/2026 R LALL BOOK   04-B-13403 03/09/2026 Book Bank
          IIMT University College of Law IIMT University College of Law 03/09/2026 R LALL BOOK   04-B-13404 03/09/2026 Book Bank
          IIMT University College of Law IIMT University College of Law 03/09/2026 R LALL BOOK   04-B-13405 03/09/2026 Book Bank
          IIMT University College of Law IIMT University College of Law 03/09/2026 R LALL BOOK   04-B-13406 03/09/2026 Book Bank
          IIMT University College of Law IIMT University College of Law 03/09/2026 R LALL BOOK   04-B-13407 03/09/2026 Book Bank
          IIMT University College of Law IIMT University College of Law 03/09/2026 R LALL BOOK   04-B-13408 03/09/2026 Book Bank
          IIMT University College of Law IIMT University College of Law 03/09/2026 R LALL BOOK   04-B-13409 03/09/2026 Book Bank
          IIMT University College of Law IIMT University College of Law 03/09/2026 R LALL BOOK   04-B-13410 03/09/2026 Book Bank
          IIMT University College of Law IIMT University College of Law 03/09/2026 R LALL BOOK   04-B-13411 03/09/2026 Book Bank
          IIMT University College of Law IIMT University College of Law 03/09/2026 R LALL BOOK   04-B-13412 03/09/2026 Book Bank
          IIMT University College of Law IIMT University College of Law 03/09/2026 R LALL BOOK   04-B-13413 03/09/2026 Book Bank
          IIMT University College of Law IIMT University College of Law 03/09/2026 R LALL BOOK   04-B-13414 03/09/2026 Book Bank
          IIMT University College of Law IIMT University College of Law 03/09/2026 R LALL BOOK   04-B-13415 03/09/2026 Book Bank
          IIMT University College of Law IIMT University College of Law 03/09/2026 R LALL BOOK   04-B-13416 03/09/2026 Book Bank
          IIMT University College of Law IIMT University College of Law 03/09/2026 R LALL BOOK   04-B-13417 03/09/2026 Book Bank
          IIMT University College of Law IIMT University College of Law 03/09/2026 R LALL BOOK   04-B-13418 03/09/2026 Book Bank
          IIMT University College of Law IIMT University College of Law 03/09/2026 R LALL BOOK   04-B-13419 03/09/2026 Book Bank
          IIMT University College of Law IIMT University College of Law 03/09/2026 R LALL BOOK   04-B-13420 03/09/2026 Book Bank
          IIMT University College of Law IIMT University College of Law 03/09/2026 R LALL BOOK 1 04-B-13421 03/18/2026 Book Bank
          IIMT University College of Law IIMT University College of Law 03/09/2026 R LALL BOOK 1 04-B-13422 04/17/2026 Book Bank
          IIMT University College of Law IIMT University College of Law 03/09/2026 R LALL BOOK   04-B-13423 03/09/2026 Book Bank
          IIMT University College of Law IIMT University College of Law 03/09/2026 R LALL BOOK   04-B-13424 03/09/2026 Book Bank
          IIMT University College of Law IIMT University College of Law 03/09/2026 R LALL BOOK   04-B-13425 03/09/2026 Book Bank
          IIMT University College of Law IIMT University College of Law 03/09/2026 R LALL BOOK   04-B-13426 03/09/2026 Book Bank
          IIMT University College of Law IIMT University College of Law 03/09/2026 R LALL BOOK   04-B-13427 03/09/2026 Book Bank
          IIMT University College of Law IIMT University College of Law 03/09/2026 R LALL BOOK   04-B-13428 03/09/2026 Book Bank
          IIMT University College of Law IIMT University College of Law 03/09/2026 R LALL BOOK   04-B-13429 03/09/2026 Book Bank
          IIMT University College of Law IIMT University College of Law 03/09/2026 R LALL BOOK   04-B-13430 03/09/2026 Book Bank
          IIMT University College of Law IIMT University College of Law 03/09/2026 R LALL BOOK   04-B-13431 03/09/2026 Book Bank
          IIMT University College of Law IIMT University College of Law 03/09/2026 R LALL BOOK   04-B-13432 03/09/2026 Book Bank
          IIMT University College of Law IIMT University College of Law 03/09/2026 R LALL BOOK   04-B-13433 03/09/2026 Book Bank
          IIMT University College of Law IIMT University College of Law 03/09/2026 R LALL BOOK   04-B-13434 03/09/2026 Book Bank
          IIMT University College of Law IIMT University College of Law 03/09/2026 R LALL BOOK   04-B-13435 03/09/2026 Book Bank
IIMT, Central Library. All Rights Reserved IIMT,UNIVERSITY © 2023
Implemented and Customised by I CLOUDE EMS
You Are OPAC Visitor No
free web counter

Powered by Koha